000 00789nam a2200205 i 4500
001 114393
003 ES-MaACL
005 20230906190139.0
007 t|
008 070226s1971 sp ||||1| spa d
100 1 _aVericad Corominas, Juan Ramón.
_9150386
245 1 0 _aEstudio faunístico y biológico de los mamíferos montaraces del Pirineo /
_cpor Juan Ramón Vericad-Corominas.
260 _aJaca :
_bCentro Pirenaico de Biología Experimental,
_c1971.
300 _a229 p., [28] p. de lám. ;
_c24 cm.
490 1 _aPublicaciones del Centro Pirenaico de Biología Experimental ;
_v4
650 4 _aFauna-
_zPirineos.
_9150387
830 0 _aPublicaciones del Centro Pirenaico de Biología Experimental ;
_v4
_9233239
852 _aES-MaACL
_jC-41708
999 _c114393
_d114393